00495nam a22001697a 450000500170000001000150001702000260003203500140005803700130007208200100008510000180009524500490011326000420016227000630020430000220026750000360028920181218122206.0 aENG-123811 a9789384061203c499.00 aEN-107343 bDBAD/PUB a332.6 aSharma, Vivek aDecoding investment myths /cby Vivek Sharma aNew DelhibTV 18 Broadcast Ltd.c2018 a507, Prabhat Kiran, 17, Rajendra Place,bNew Delhie110008 a254p.c21cm. (Hb) aThe individual investors' guide